How to pass high on college entrance tests / (Record no. 21411)

MARC details
000 -LEADER
campo de control de longitud fija 00631ntaaa2200193 4500
003 - IDENTIFICADOR DE NÚMERO DE CONTROL
campo de control 01
005 - FECHA Y HORA DE LA ÚLTIMA TRANSACCIÓN
campo de control 20251027202626.0
008 - DATOS DE LONGITUD FIJA--INFORMACIÓN GENERAL
campo de control de longitud fija 0714s1973 ag 01
040 ## - FUENTE DE CATALOGACIÓN
Centro catalogador/agencia de origen AR-BaBN
Lengua de catalogación spa
Centro/agencia transcriptor AR-BaBN
Normas de descripción aacr
Centro/agencia modificador RIC
082 ## - NÚMERO DE LA CLASIFICACIÓN DECIMAL DEWEY
Número de clasificación 371.26 T84
100 ## - ENTRADA PRINCIPAL--NOMBRE DE PERSONA
Nombre de persona Turner, David
9 (RLIN) 25567
245 ## - MENCIÓN DEL TÍTULO
Título How to pass high on college entrance tests /
Mención de responsabilidad, etc. David Turner, Alison Peters
250 ## - MENCION DE EDICION
Mención de edición 6th ed.
260 ## - PUBLICACIÓN, DISTRIBUCIÓN, ETC.
Lugar de publicación, distribución, etc. New York :
Nombre del editor, distribuidor, etc. Arco Publishing Company,
Fecha de publicación, distribución, etc. c1959
500 ## - NOTA GENERAL
Nota general "Complete list of U.S. colleges with entrance test requirements for each"
500 ## - NOTA GENERAL
Nota general BAJA PATRIMONIAL POR OBSOLESCENCIA 20190405
700 ## - ENTRADA AGREGADA--NOMBRE PERSONAL
Nombre de persona Peters, Alison
9 (RLIN) 25568
942 ## - ELEMENTOS DE ENTRADA SECUNDARIOS (KOHA)
Tipo de ítem Koha Colección General
Holdings
Estatus retirado Estado de pérdida Estado de daño No para préstamo Biblioteca de origen Biblioteca actual Fecha de adquisición Número de inventario Total de préstamos Signatura topográfica completa Código de barras Visto por última vez Precio de reemplazo Tipo de ítem Koha
        Biblioteca Pluis Biblioteca Pluis 27/10/2025 008846   371.26 T84 008846 27/10/2025 27/10/2025 Colección General